World shipping statistics 1997

Αποθηκεύτηκε σε:
Λεπτομέρειες βιβλιογραφικής εγγραφής
Συλλογικό Έργο: Fairplay Information Systems (FISYS), Institute of Shipping Analysis
Μορφή: Βιβλίο
Γλώσσα:English
Δημοσίευση: London : Fairplay Information Systems, 1997
Θέματα:
Ετικέτες: Προσθήκη ετικέτας
Δεν υπάρχουν, Καταχωρήστε ετικέτα πρώτοι!

MARC

LEADER 00000nam a2200000 i 4500
001 1/4015
008 000524s1997 eng d
035 |l 10061005 
040 |a GR-MY-UA  |b gre  |e aacr 
041 0 |a eng 
082 0 |a 387.5 
245 1 0 |a World shipping statistics 1997 /  |c Fairplay Information Systems & The Institute of Shipping Analysis 
260 |a London :   |b Fairplay Information Systems,   |c 1997 
300 |a v, 248 p.;  |b chiefly charts;  |c 30 cm.+  |e 1 computer laser optical disk (4 3/4 in.) 
650 0 0 |a Shipping  |x Statistics. 
650 0 0 |a Merchant marine  |x Statistics. 
710 2 |a Fairplay Information Systems (FISYS) 
710 2 |a Institute of Shipping Analysis. 
852 |a INST  |b CHIOS  |e 20000714  |h 387.5 WOR  |p 005200017662  |q 005200017662  |t REF  |y 23 
852 |a INST  |b CHIOS  |e 20000524  |h 387.5 WOR  |p 005200018353  |q 005200018353  |t REF  |y 23 
852 |a INST  |b CHIOS  |e 20000714  |h 387.5 WOR  |p 005200014004  |q 005200014004  |t REF  |y 23 
852 |a INST  |b CHIOS  |e 20000524  |h 387.5 WOR  |p 005200014028  |q 005200014028  |t REF  |y 23 
852 |a INST  |b CHIOS  |e 20000804  |h 387.5 WOR  |p 005200017739  |q 005200017739  |t REF  |y 12 
901 |a BIBL2-2000-2 
909 |a Χ  |b 070748 
909 |a Χ  |b 070749 
909 |a Χ  |b 076062 
909 |a Χ  |b 076042 
920 |a ΤΜΗΜΑ ΝΑΥΤΙΛΙΑΣ ΚΑΙ ΕΠΙΧΕΙΡΗΜΑΤΙΚΩΝ ΥΠΗΡΕΣΙΩΝ  |y ΧΙΟΣ  |z 1999-11 
970 |z 2000/05/ELIDOC